LDR 00967naa#a2200193#i#450# 001 RU\\bibl\126620 005 20260630070912.2 011 ## _a2587-6740 100 ## _a20260615b2026####ek#y0rusy0150####ca 102 ## _aRU 200 1# _aГеоинформационная диагностика состояния лесных типов геосистем с использованием спектральной индексной оценки _eЖурнальная статья 210 1# _aМосква _cЭлектронная наука _d2026 215 ## _a4 с. 608 ## _aЖурнальная статья _2local 675 ## _aДешифрирование. Визуальные требования при дешифрировании снимков. 528.87 _z 700 #1 _aПьянзин _gИван Сергеевич 700 #1 _aЯмашкин _gСтанислав Анатольевич 700 #1 _aЯмашкин _gАнатолий Анатольевич 856 4# _amshj.ru _u